| 000 | 00401nam a2200145Ia 4500 | ||
|---|---|---|---|
| 003 | OSt | ||
| 005 | 20260128095731.0 | ||
| 008 | 211028s2017 xx 000 0 und d | ||
| 040 | _cAIMIT LIBRARY | ||
| 041 | _aeng | ||
| 100 |
_aKumar, Sandeep; Harinakshi. _g1516139 _97713 |
||
| 245 | _aStudy on employee absenteeism in the organization / | ||
| 260 |
_aMangalore _bHarinakshi _c2017 |
||
| 942 |
_2ddc _cPRO |
||
| 999 |
_c219281 _d219281 |
||